| 000 | 00463nam a2200145Ia 4500 | ||
|---|---|---|---|
| 008 | 211109s9999||||xx |||||||||||||| ||und|| | ||
| 082 |
_a823.19 _bGAL-V |
||
| 100 | _aGalsworthy, John | ||
| 245 | 0 | _aVilla Rubein and Other Stories | |
| 260 |
_bNATIONAL BOOKSTALL _aKottayam _c1900 |
||
| 300 | _a398p. | ||
| 630 | _xGeneral Stack | ||
| 650 |
_aLiterature and rhetoric _vEnglish and old english literatureEnglish FictionPhilosophy and theory _xGeneralia |
||
| 942 | _cBOOK | ||
| 999 |
_c7531 _d7531 |
||